00366cam a2200157ua 45000010005000000080039000050400009000440410008000530820011000611000025000722450038000972500009001352600036001443000010001806530018001907299141206n ii |||gr||||Z||||||ben cMAIN aben a782.42 aTagore, R.,eAuthor.1 aGitanjalicBy Rabindranath Tagore a1st. aKolkatta:bBiswabharati,c1968. a191p. aBengali songs